<?xml version="1.0" encoding="UTF-8"?>
<record
    xmlns:xsi="http://www.w3.org/2001/XMLSchema-instance"
    xsi:schemaLocation="http://www.loc.gov/MARC21/slim http://www.loc.gov/standards/marcxml/schema/MARC21slim.xsd"
    xmlns="http://www.loc.gov/MARC21/slim">

  <leader>01173nam2a22002771  4500</leader>
  <controlfield tag="001">GAK\3366405</controlfield>
  <controlfield tag="005">20250614085836.0</controlfield>
  <datafield tag="010" ind1=" " ind2=" ">
    <subfield code="a">5-203-01039-0</subfield>
    <subfield code="b">&#x432; &#x43F;&#x435;&#x440;.</subfield>
    <subfield code="d">2 &#x440;. 50 &#x43A;.</subfield>
    <subfield code="9">76200</subfield>
  </datafield>
  <datafield tag="021" ind1=" " ind2=" ">
    <subfield code="a">RU</subfield>
    <subfield code="b">91-58941</subfield>
  </datafield>
  <datafield tag="035" ind1=" " ind2=" ">
    <subfield code="a">(NLR Aleph) 010700702</subfield>
  </datafield>
  <datafield tag="090" ind1=" " ind2=" ">
    <subfield code="a">9721455</subfield>
    <subfield code="c">9721455</subfield>
  </datafield>
  <datafield tag="100" ind1=" " ind2=" ">
    <subfield code="a">20150316d1991    |||y0rusy50      ca</subfield>
  </datafield>
  <datafield tag="101" ind1="0" ind2=" ">
    <subfield code="a">rus</subfield>
  </datafield>
  <datafield tag="102" ind1=" " ind2=" ">
    <subfield code="a">RU</subfield>
  </datafield>
  <datafield tag="105" ind1=" " ind2=" ">
    <subfield code="a">a z ||||1e|</subfield>
  </datafield>
  <datafield tag="200" ind1="0" ind2=" ">
    <subfield code="a">&#x422;. 2</subfield>
    <subfield code="e">1942</subfield>
    <subfield code="f">[&#x441;&#x43E;&#x441;&#x442;. &#x41A;&#x43E;&#x442;&#x435;&#x43D;&#x43E;&#x43A; &#x41F;.&#x420;.]</subfield>
  </datafield>
  <datafield tag="210" ind1=" " ind2=" ">
    <subfield code="d">1991</subfield>
    <subfield code="a">&#x411;. &#x43C;.</subfield>
  </datafield>
  <datafield tag="215" ind1=" " ind2=" ">
    <subfield code="a">542, [2] &#x441;.</subfield>
    <subfield code="c">&#x438;&#x43B;.</subfield>
    <subfield code="d">22</subfield>
  </datafield>
  <datafield tag="320" ind1=" " ind2=" ">
    <subfield code="a">&#x418;&#x43C;&#x435;&#x43D;&#x43D;&#x43E;&#x439; &#x443;&#x43A;&#x430;&#x437;&#x430;&#x442;&#x435;&#x43B;&#x44C;: &#x441;. 540-543</subfield>
  </datafield>
  <datafield tag="461" ind1=" " ind2="0">
    <subfield code="1">001GAK\3366403</subfield>
    <subfield code="1">2001#$a&#x41F;&#x43E;&#x441;&#x43B;&#x435;&#x434;&#x43D;&#x438;&#x435; &#x43F;&#x438;&#x441;&#x44C;&#x43C;&#x430; &#x441; &#x444;&#x440;&#x43E;&#x43D;&#x442;&#x430;$e[&#x441;&#x431;&#x43E;&#x440;&#x43D;&#x438;&#x43A;$f&#x433;&#x43B;. &#x440;&#x435;&#x434;. &#x43A;&#x43E;&#x43C;&#x438;&#x441;.: &#x413;.&#x410;. &#x421;&#x442;&#x435;&#x444;&#x430;&#x43D;&#x43E;&#x432;&#x441;&#x43A;&#x438;&#x439; (&#x43F;&#x440;&#x435;&#x434;.) &#x438; &#x434;&#x440;.]$v&#x422;. 2</subfield>
    <subfield code="9">9721449</subfield>
    <subfield code="c">&#x41C;&#x43E;&#x441;&#x43A;&#x432;&#x430;</subfield>
    <subfield code="d">1991-1993</subfield>
    <subfield code="f">&#x433;&#x43B;. &#x440;&#x435;&#x434;. &#x43A;&#x43E;&#x43C;&#x438;&#x441;.: &#x413;.&#x410;. &#x421;&#x442;&#x435;&#x444;&#x430;&#x43D;&#x43E;&#x432;&#x441;&#x43A;&#x438;&#x439; (&#x43F;&#x440;&#x435;&#x434;.) &#x438; &#x434;&#x440;.]</subfield>
    <subfield code="n">&#x412;&#x43E;&#x435;&#x43D;&#x438;&#x437;&#x434;&#x430;&#x442;</subfield>
    <subfield code="o">[&#x441;&#x431;&#x43E;&#x440;&#x43D;&#x438;&#x43A;</subfield>
    <subfield code="p">4 &#x442;.</subfield>
    <subfield code="t">&#x41F;&#x43E;&#x441;&#x43B;&#x435;&#x434;&#x43D;&#x438;&#x435; &#x43F;&#x438;&#x441;&#x44C;&#x43C;&#x430; &#x441; &#x444;&#x440;&#x43E;&#x43D;&#x442;&#x430;</subfield>
    <subfield code="v">&#x422;. 2</subfield>
  </datafield>
  <datafield tag="702" ind1=" " ind2="1">
    <subfield code="a">&#x41A;&#x43E;&#x442;&#x435;&#x43D;&#x43E;&#x43A;</subfield>
    <subfield code="b">&#x41F;. &#x420;.</subfield>
    <subfield code="4">220</subfield>
  </datafield>
  <datafield tag="801" ind1=" " ind2="0">
    <subfield code="a">RU</subfield>
    <subfield code="b">NLR</subfield>
    <subfield code="c">20150316</subfield>
    <subfield code="g">psbo</subfield>
  </datafield>
  <datafield tag="801" ind1=" " ind2="1">
    <subfield code="a">RU</subfield>
    <subfield code="b">NLR</subfield>
    <subfield code="c">20150316</subfield>
    <subfield code="2">rusmarc</subfield>
  </datafield>
  <datafield tag="852" ind1=" " ind2=" ">
    <subfield code="a">NLR</subfield>
    <subfield code="j">91-5/1791 (2)</subfield>
  </datafield>
  <datafield tag="942" ind1=" " ind2=" ">
    <subfield code="c">BOOK</subfield>
  </datafield>
  <datafield tag="980" ind1=" " ind2=" ">
    <subfield code="a">NB</subfield>
  </datafield>
  <datafield tag="995" ind1=" " ind2=" ">
    <subfield code="5">2015-03-19</subfield>
    <subfield code="a">au</subfield>
    <subfield code="b">NLR03</subfield>
    <subfield code="c">NLR03</subfield>
    <subfield code="e">UJZ</subfield>
    <subfield code="f">1-852629</subfield>
    <subfield code="k">&#x42E; &#x422;3(2)722/&#x41F;-62</subfield>
    <subfield code="o">0</subfield>
    <subfield code="r">BOOK</subfield>
    <subfield code="s">_3272262</subfield>
  </datafield>
  <datafield tag="995" ind1=" " ind2=" ">
    <subfield code="5">2017-03-23</subfield>
    <subfield code="b">NLR01</subfield>
    <subfield code="c">NLR01</subfield>
    <subfield code="e">OZ1</subfield>
    <subfield code="f">1-631785</subfield>
    <subfield code="k">&#x421;1 &#x426;35(2)722/&#x41F;-620</subfield>
    <subfield code="o">0</subfield>
    <subfield code="p">2.50</subfield>
    <subfield code="r">BOOK</subfield>
    <subfield code="s">1_352722620</subfield>
  </datafield>
</record>
